000 00236nam a22000857a 4500
999 _c11393
_d11393
008 190411b ||||| |||| 00| 0 eng d
020 _a9788183505994
100 _97125
_aARORA PREETI ET AL
245 _aCOMPUTER SCIENCE WITH C ++ VOLUME I -XII